000 01139cam a2200289 a 4500
001 000002856
003 DO-SdBNP
005 20250122105004.0
008 040304s2002 pr 001 0 spa
010 _a2004430606
020 _a188171571X
040 _aDO-SdBNP
_cDLC
082 _a808.068
_bL951n
100 1 _a Lugo Ramírez, Doris E.
_d1965-
_986902
100 1 _a Lugo Ramírez, Doris E.
_d1965-
_986902
245 1 3 _aEl narratario infantil en cuentos de José Martí, Horacio Quiroga, Camilo José Cela y Rosario Ferré /
_cDoris E. Lugo Ramírez.
260 _aPuerto Rico :
_bFundación Puertorriqueña de las Humanidades,
_c2002.
300 _a111 p. ;
_c24 cm.
440 0 _aColección Dr. Arturo Morales Carrion
_99057
504 _aIncluye referencias bibliograficas y notas al pie de las páginas
504 _aIncluye bibliografía: (p. 107-111).
650 4 _aLiteratura infantil
_xHistoria y crítica
_93041
650 4 _aLiteratura infantil latinoamericana
_xHistoria y crítica
_99058
650 4 _aCuentos infantiles
_xHistoria y crítica
_99059
910 _aCatalogación por copia / LC
942 _2ddc
_cLBS1
999 _c2690
_d2690